Sports Quiz

Random Sports or Nation Quiz
Score 0/21 Timer 04:00
1 Play Today
Nation Player % Correct
EnglandSteven Gerrard
95%
UruguayLuis Suarez
91.7%
EnglandMichael Owen
89.7%
SpainFernando Torres
86%
AustraliaHarry Kewell
84.3%
SpainXabi Alonso
82.9%
NetherlandsDirk Kuyt
82.9%
ArgentinaMaxi Rodriguez
73.2%
EnglandDaniel Sturridge
69.3%
IrelandRobbie Keane
69.1%
EnglandEmile Heskey
67.8%
Nation Player % Correct
England Peter Crouch
60.6%
ChileMark Gonzalez
58.4%
PortugalRaul Meireles
56.8%
Spain Fernando Morientes
56.6%
SenegalSalif Diao
54.5%
Germany Karl-Heinz Riedle
46.8%
EnglandJoe Cole
42.1%
SerbiaMilan Jovanovic
40.2%
NetherlandsBoudewijn Zenden
34.7%
EnglandMark Wright
34.5%
Remove Ads.
Support Sporcle.
Get the best of Sporcle when you Go Orange. This ad-free experience offers more features, more stats, and more fun while also helping to support Sporcle. Thank you for becoming a member.

You're not logged in!

Compare scores with friends on all Sporcle quizzes.
OR
Log In

Show Comments

Extras

Top Quizzes Today


Score Distribution

Your Account Isn't Verified!

In order to create a playlist on Sporcle, you need to verify the email address you used during registration. Go to your Sporcle Settings to finish the process.

Report this User

Report this user for behavior that violates our Community Guidelines.

Details: